Puchar Świata - klasyfikacja generalna za sezon 2015/16 - Statystyki

Ogólne statystyki
  • Ten quiz został rozwiązany 105 razy
  • Średni wynik to 58 z 77
Statystyki odpowiedzi
Miejsce Skoczek Narodowość Pkt % Poprawnych
14. Domen Prevc Słowenia 486
97%
8. Noriaki Kasai Japonia 909
97%
1. Peter Prevc Słowenia 2303
97%
6. Stefan Kraft Austria 1006
97%
22. Kamil Stoch Polska 295
96%
11. Roman Koudelka Czechy 650
96%
7. Daniel-Andre Tande Norwegia 985
94%
29. Dawid Kubacki Polska 182
94%
Piotr Żyła Polska 89
94%
5. Johann Andre Forfang Norwegia 1240
93%
Markus Eisenbichler Niemcy 61
93%
2. Severin Freund Niemcy 1490
93%
15. Simon Ammann Szwajcaria 480
93%
26. Stefan Hula Polska 227
93%
30. Karl Geiger Niemcy 174
92%
31. Maciej Kot Polska 165
92%
4. Michael Hayboeck Austria 1301
90%
9. Richard Freitag Niemcy 680
90%
16. Daiki Ito Japonia 476
89%
32. Jakub Janda Czechy 164
88%
39. Gregor Deschwanden Szwajcaria 61
86%
13. Robert Kranjec Słowenia 603
86%
61. Junshiro Kobayashi Japonia 13
85%
17. Andreas Wellinger Niemcy 408
83%
3. Kenneth Gangnes Norwegia 1348
83%
59. Kenshiro Ito Japonia 16
83%
50. Klemens Murańka Polska 36
83%
58. Robert Johansson Norwegia 19
83%
42. Ryoyu Kobayashi Japonia 55
83%
10. Anders Fannemel Norwegia 670
82%
56. Evgeniy Klimov Rosja 21
82%
43. Gregor Schlierenzauer Austria 53
82%
21. Jurij Tepes Słowenia 307
82%
24. Manuel Fettner Austria 238
82%
18. Taku Takeuchi Japonia 398
82%
12. Andreas Stjernen Norwegia 607
81%
34. Andrzej Stekala Polska 105
79%
77. Kevin Bickner Stany Zjednoczone 1
79%
Mackenzie Boyd-Clowes Kanada 50
78%
28. Vincent Descombes Sevoie Francja 204
78%
Vladimir Zografski Bułgaria 6
78%
38. Andreas Kofler Austria 62
76%
25. Anze Lanisek Słowenia 232
76%
Killian Peier Szwajcaria 2
76%
35. Lukas Hlava Czechy 89
76%
23. Stephan Leyhe Niemcy 257
76%
19. Andreas Wank Niemcy 369
75%
33. Jan Matura Czechy 118
75%
Jakub Wolny Polska 5
74%
65. Cestmir Kozisek Czechy 7
71%
Pius Paschke Niemcy 2
69%
64. Anze Semenic Słowenia 8
68%
62. Denis Kornilov Rosja 12
68%
63. Sebastian Colloredo Włochy 11
65%
55. Shohei Tochimoto Japonia 22
65%
Tomas Vancura Czechy 3
65%
74. Clemens Aigner Austria 2
64%
27. Manuel Poppinger Austria 208
64%
37. Tom Hilde Norwegia 74
63%
67. Naoki Nakamura Japonia 6
58%
48. Lauri Asikainen Finlandia 42
57%
41. Marinus Kraus Niemcy 57
57%
57. Bor Pavlovcic Słowenia 20
56%
46. Jaka Hvala Słowenia 46
56%
60. Ville Larinto Finlandia 14
56%
20. Joachim Hauer Norwegia 356
54%
47. Kento Sakuyama Japonia 43
54%
52. Ronan Lamy Chappuis Francja 24
54%
Michael Neumayer Niemcy 24
53%
44. Philipp Aschenwald Austria 50
53%
49. David Siegel Niemcy 37
49%
Markus Schiffner Austria 7
49%
51. Thomas Hofer Austria 25
46%
54. Ilmir Hazetdinov Rosja 23
42%
69. Andraz Pograjc Słowenia 5
39%
Anton Kalinitschenko Rosja 3
35%
71. Joachim Odegaard Bjoereng Norwegia 3
35%
Nie znaleziono quizów pasujących do podanych kryteriów
Rozkład punktacji
Procent ludzi z każdym wynikiem
Percentyl według liczby udzielonych odpowiedzi
Twoja historia wyników
Nie rozwiązałeś tego quizu